000 00523nam a2200217Ia 4500
003 OSt
005 20220928142223.0
006 a|||||r|||| 00| 0
007 ta
008 220927b |||||||| |||| 00| 0 eng d
024 _a18714
037 _cTextual
040 _aSDCL
_cSDCL
_beng
041 _2eng
_aeng
082 _aB397, P3
100 _aBump D
_9502941
245 0 _aIntroduction to the langlands program.
260 _c2003
942 _hB397, P3
_cTEXL
_2CC
999 _c820938
_d820938